00405 a2200133 4500001001000000005001700010008004100027245007300068100002100141700002900162700002000191773004300211999001700254ART_2621320260410161937.0260409a 10aEl agroturismo desde el paradigma de trabajo en red y la coopetencia1 aCordisco, Marina1 aScoponi, Liliana Marcela1 aDurán, Regina0 tSaberEsg- Nº 4 (jun. 2012)wREV26089 c29105d29105